Statystyki dla Góry Azji

Kliknij tutaj aby rozwiązać quiz!

Ogólne statystyki

  • Ten quiz został rozwiązany 327 razy
  • Średni wynik to 4 z 11

Statystyki odpowiedzi

Lp.Nazwa Gór/Pasma% Poprawnych
1.Himalaje
96%
8.Kaukaz
61%
2.Ural
56%
5.Tienszan
49%
3.Karakorum
43%
6.Ałtaj
38%
4.Pamir
31%
7.Sajany
26%
11.Czerskiego
20%
10.Wierchojańskie
16%
9.Południowochińskie
12%

Rozkład punktacji

Percentyl według liczby udzielonych odpowiedzi

Procent ludzi z każdym wynikiem

Twoja historia wyników

Nie rozwiązałeś tego quizu